The effectiveness of vitamin A replacement therapy for ocular manifestations caused by Vitamin A deficiency /
محفوظ في:
| المؤلف الرئيسي: | |
|---|---|
| التنسيق: | أطروحة كتاب |
| اللغة: | English |
| منشور في: |
2020.
|
| الموضوعات: | |
| الوسوم: |
إضافة وسم
لا توجد وسوم, كن أول من يضع وسما على هذه التسجيلة!
|
| LEADER | 01071cam a2200289 i 4500 | ||
|---|---|---|---|
| 001 | u1141193 | ||
| 003 | SIRSI | ||
| 005 | 202102191701 | ||
| 008 | 210219s20202020my a m 000 0 eng | ||
| 040 | |a UMP |e rda | ||
| 096 | |a WW100 |b UM 2020 Lim | ||
| 100 | 1 | |a Lim, Chuan Chun, |e author. | |
| 245 | 1 | 4 | |a The effectiveness of vitamin A replacement therapy for ocular manifestations caused by Vitamin A deficiency / |c Lim Chuan Chun. |
| 264 | 1 | |c 2020. | |
| 264 | 4 | |c 2020. | |
| 300 | |a viii, 75 leaves : |b color illustration ; |c 30 cm. | ||
| 336 | |a text |2 rdacontent | ||
| 337 | |a unmediated |2 rdamedia | ||
| 338 | |a volume |2 rdacarrier | ||
| 502 | |b M.Ophtal |c Department of Ophthalmology, Faculty of Medicine, University of Malaya |d 2020. | ||
| 504 | |a Bibliography: leaves 41-75. | ||
| 650 | 1 | 2 | |a Vitamin A Deficiency. |
| 650 | 2 | 2 | |a Vitamin A |x therapeutic use. |
| 710 | 2 | 0 | |a Universiti Malaya. |b Jabatan Oftalmologi, |e degree granting institution. |
| 900 | |a RAH | ||
| 596 | |a 2 | ||
| 999 | |a WW100 UM 2020 LIM |w NLM |c 1 |i A517619180 |f 16/3/2021 |g 1 |l STACKS |m P02MEDKL |r Y |s Y |t TESIS |u 16/3/2021 | ||
